| 000 | 00350pab a2200145 454500 | ||
|---|---|---|---|
| 008 | 180718b1987 xxu||||| |||| 00| 0 eng d | ||
| 100 | _aPrasad, R.R. | ||
| 245 | _aManagement thought, concept and process | ||
| 260 | _c1987 | ||
| 300 | _a6-10 | ||
| 362 | _aAug. | ||
| 650 | _aManagement | ||
| 773 | _aAdministration and Management | ||
| 909 | _a13056 | ||
| 999 |
_c13056 _d13056 |
||